East Sussex or West Sussex? #2 - Statistics

General Stats
  • This quiz has been taken 32 times
  • The average score is 13 of 15
Answer Stats
Question Answer % Correct
Polegate East Sussex
100%
Bognor Regis West Sussex
96%
Storrington West Sussex
96%
Crowborough East Sussex
92%
Peacehaven East Sussex
92%
Uckfield East Sussex
92%
Heathfield East Sussex
92%
Battle East Sussex
92%
Rye East Sussex
88%
Selsey West Sussex
88%
Billingshurst West Sussex
88%
Steyning West Sussex
85%
Newhaven East Sussex
81%
East Grinstead West Sussex
81%
Hurstpierpoint West Sussex
73%
No matching quizzes found
Score Distribution
Percent of People with Each Score
Percentile by Number Answered
Your Score History
You have not taken this quiz